Normal view
MARC view
- Hallgren, Wayne F
Entry Personal Name
001 - CONTROL NUMBER
- control field: 110932
003 - CONTROL NUMBER IDENTIFIER
- control field: NUST
005 - DATE AND TIME OF LATEST TRANSACTION
- control field: 20230321143937.0
008 - FIXED-LENGTH DATA ELEMENTS
- fixed length control field: 230321|| aca||aabn | a|a d
040 ## - CATALOGING SOURCE
- Original cataloging agency: NUST
- Transcribing agency: NUST
100 ## - HEADING--PERSONAL NAME
- Personal name: Hallgren, Wayne F
670 ## - SOURCE DATA FOUND
- Source citation: Work cat.: (NUST)0: Yechout, Thomas R. 110929, Introduction to aircraft flight mechanics :
